000
00277nam a2200109Ia 4500
008
220204s9999 xx 000 0 und d
082
_a
330.101.8
_b
BRO
245
0
_a
Economic priniciples applied
260
_a
London
_b
Martin Robertson
_c
1970
700
_a
BROWN, C V
942
_c
BK
999
_c
23672
_d
23672